[Event "EOBCC 2020"]
[Site "Online"]
[Date "2020.12.18"]
[Round "8.38"]
[White "Aleksandrov, Aleksej"]
[Black "Hollan, Martin"]
[Result "1-0"]
[WhiteElo "2574"]
[BlackElo "2346"]
[Annotator "ChessBase"]
[PlyCount "107"]
[EventDate "2020.12.18"]
[EventType "tourn"]
[EventCountry "NET"]
[SourceTitle "playchess.com"]
[Source "ChessBase"]
[SourceQuality "1"]

1. d4 d5 2. c4 e6 3. Nc3 Nf6 4. cxd5 Nxd5 5. Nf3 Nxc3 6. bxc3 c5 7. e3 cxd4 8. cxd4 Nc6 9. Bd3 Bb4+ 10. Bd2 Bxd2+ 11. Qxd2 O-O 12. O-O Na5 13. Rfc1 b6 14. Be4 Rb8 15. Ne5 Bb7 16. Bxb7 Rxb7 17. Rc2 Rc7 18. Rac1 Rxc2 19. Qxc2 Qd5 20. h3 f6 21. Nd3 Rd8 22. Qc7 Rd7 23. Qb8+ Kf7 24. Rc8 Qd6 25. Qxd6 Rxd6 26. Rc7+ Kf8 27. Rxa7 e5 28. f4 exd4 29. e4 Rc6 30. f5 Rd6 31. Kf2 Nc4 32. Nf4 d3 33. Ne6+ Ke8 34. Nxg7+ Kd8 35. Ne6+ Kc8 36. e5 d2 37. exd6 d1=Q 38. d7+ Qxd7 39. Rxd7 Kxd7 40. Kf3 Kd6 41. Ke4 Nd2+ 42. Kd4 Nf1 43. g4 Ng3 44. Nf4 Nf1 45. Nd5 Ng3 46. Nxf6 Ne2+ 47. Ke3 Nc3 48. Nxh7 Nxa2 49. g5 Nb4 50. g6 Ke7 51. f6+ Ke6 52. f7 Nd5+ 53. Ke4 Nc3+ 54. Kd3 1-0

[Event "EOBCC 2020"]
[Site "Online"]
[Date "2020.12.18"]
[Round "8.39"]
[White "Gabdrakhmanov, Azat"]
[Black "Stefansson, Hannes"]
[Result "0-1"]
[WhiteElo "2319"]
[BlackElo "2536"]
[Annotator "ChessBase"]
[PlyCount "38"]
[EventDate "2020.12.18"]
[EventType "tourn"]
[EventCountry "NET"]
[SourceTitle "playchess.com"]
[Source "ChessBase"]
[SourceQuality "1"]

1. e4 d5 2. exd5 Nf6 3. d4 Nxd5 4. Nf3 g6 5. Be2 Bg7 6. Nc3 Nxc3 7. bxc3 O-O 8. h4 Bg4 9. Ne5 Bxe2 10. Qxe2 c5 11. h5 cxd4 12. hxg6 hxg6 13. Bf4 Qa5 14. Rd1 Nc6 15. Nxc6 bxc6 16. Kf1 Qxc3 17. Be5 d3 18. Qh5 gxh5 19. Bxc3 dxc2 0-1

[Event "EOBCC 2020"]
[Site "Online"]
[Date "2020.12.18"]
[Round "8.40"]
[White "Iskandarov, Misratdin"]
[Black "Sevgi, Volkan"]
[Result "1-0"]
[WhiteElo "2535"]
[BlackElo "2359"]
[Annotator "ChessBase"]
[PlyCount "95"]
[EventDate "2020.12.18"]
[EventType "tourn"]
[EventCountry "NET"]
[SourceTitle "playchess.com"]
[Source "ChessBase"]
[SourceQuality "1"]

1. c4 Nf6 2. Nc3 c5 3. g3 g6 4. Bg2 Bg7 5. Nf3 O-O 6. O-O Nc6 7. Rb1 d6 8. a3 Bd7 9. b4 b6 10. d3 Rc8 11. Re1 h6 12. bxc5 dxc5 13. Bd2 Kh7 14. a4 Re8 15. Qb3 Bg4 16. Qa2 Nb4 17. Qb3 Nc6 18. Qd1 Qd7 19. Nd5 Nxd5 20. cxd5 Nd4 21. Nxd4 cxd4 22. Qb3 e6 23. h3 Bf5 24. g4 Bxg4 25. hxg4 exd5 26. Bf3 h5 27. Qxd5 Qe7 28. Qg5 f6 29. Qh4 Rc2 30. Bf4 Qe6 31. Qh2 Kg8 32. gxh5 g5 33. h6 Bf8 34. Bg3 g4 35. Be4 f5 36. Bg2 Bxh6 37. Bd5 Qxd5 38. Qxh6 Rc6 39. Qg5+ Kh7 40. Rbc1 Ree6 41. Rxc6 Rxc6 42. Rc1 Rxc1+ 43. Qxc1 Qe6 44. Qc7+ Kg6 45. Qd6 Qxd6 46. Bxd6 Kf6 47. Bb8 a6 48. Ba7 1-0

[Event "EOBCC 2020"]
[Site "Online"]
[Date "2020.12.18"]
[Round "8.41"]
[White "Grinev, Valeriy"]
[Black "Abbasov, Farid"]
[Result "1-0"]
[WhiteElo "2441"]
[BlackElo "2528"]
[Annotator "ChessBase"]
[PlyCount "45"]
[EventDate "2020.12.18"]
[EventType "tourn"]
[EventCountry "NET"]
[SourceTitle "playchess.com"]
[Source "ChessBase"]
[SourceQuality "1"]

1. d4 g6 2. c4 Bg7 3. e4 d6 4. Nc3 Nd7 5. Nf3 e5 6. Be2 Ne7 7. h4 h5 8. Be3 c6 9. Qd2 Qc7 10. O-O-O b6 11. Kb1 Bb7 12. Ng5 exd4 13. Bxd4 Nf6 14. Qf4 Neg8 15. e5 d5 16. cxd5 Nxd5 17. Nxd5 cxd5 18. Bb5+ Kd8 19. Nxf7+ Ke7 20. Nxh8 Bxh8 21. Qg5+ Kf8 22. Qxg6 Rd8 23. Rh3 1-0

[Event "EOBCC 2020"]
[Site "Online"]
[Date "2020.12.18"]
[Round "8.42"]
[White "Najer, Evgeniy"]
[Black "Garayev, Kanan"]
[Result "0-1"]
[WhiteElo "2648"]
[BlackElo "2331"]
[Annotator "ChessBase"]
[PlyCount "78"]
[EventDate "2020.12.18"]
[EventType "tourn"]
[EventCountry "NET"]
[SourceTitle "playchess.com"]
[Source "ChessBase"]
[SourceQuality "1"]

1. d4 Nf6 2. c4 g6 3. Nc3 d5 4. cxd5 Nxd5 5. Bd2 Bg7 6. e4 Nxc3 7. Bxc3 O-O 8. Bc4 c5 9. d5 Bxc3+ 10. bxc3 Qd6 11. Ne2 Nd7 12. Qd2 Nb6 13. Bb3 c4 14. Bc2 e6 15. f4 f5 16. dxe6 Qxd2+ 17. Kxd2 Bxe6 18. Nd4 Rad8 19. g3 fxe4 20. Bxe4 Bd5 21. Rhe1 Rfe8 22. Bc2 Bf7 23. Rxe8+ Rxe8 24. Rb1 Rd8 25. Rb5 Rd7 26. Re5 Nd5 27. Ba4 Rd8 28. Bb5 Nf6 29. Ba4 a6 30. Bc2 b5 31. a4 b4 32. Bb1 bxc3+ 33. Kxc3 Nd5+ 34. Kxc4 Nxf4+ 35. Kc5 Nd5 36. Nc6 Rd7 37. Ba2 Nc3 38. Bxf7+ Kxf7 39. a5 Kf6 0-1

[Event "EOBCC 2020"]
[Site "Online"]
[Date "2020.12.18"]
[Round "8.43"]
[White "Lizak, Peter"]
[Black "Sargissian, Gabriel"]
[Result "0-1"]
[WhiteElo "2433"]
[BlackElo "2682"]
[Annotator "ChessBase"]
[PlyCount "90"]
[EventDate "2020.12.18"]
[EventType "tourn"]
[EventCountry "NET"]
[SourceTitle "playchess.com"]
[Source "ChessBase"]
[SourceQuality "1"]

1. d4 Nf6 2. Nc3 d5 3. Bf4 e6 4. Nb5 Na6 5. a3 Be7 6. e3 O-O 7. c4 Ne4 8. Nc3 Nxc3 9. bxc3 c5 10. Nf3 Qa5 11. Qd2 cxd4 12. exd4 b6 13. cxd5 Qxd5 14. Bd3 Bb7 15. O-O Rfd8 16. Rfe1 Rac8 17. Re5 Qc6 18. Be4 Qd7 19. Bd3 Nc5 20. Bc2 Na4 21. Rh5 g6 22. Ne5 Qe8 23. Rh3 f6 24. Ng4 Nb2 25. Re1 Nc4 26. Qe2 Bd5 27. Ne3 Nxe3 28. Qxe3 Qf7 29. Qg3 Bf8 30. Be3 Bd6 31. Bf4 Bxf4 32. Qxf4 Rc7 33. Rg3 Rdc8 34. Ree3 Kg7 35. h4 b5 36. h5 g5 37. h6+ Kf8 38. Qg4 a5 39. Bd1 b4 40. axb4 axb4 41. cxb4 Rc1 42. Kh2 Rb1 43. Bf3 Rcc1 44. Rh3 Rh1+ 45. Kg3 Qc7+ 0-1

[Event "EOBCC 2020"]
[Site "Online"]
[Date "2020.12.18"]
[Round "8.44"]
[White "Ahmadzada, Ahmad"]
[Black "Bartel, Mateusz"]
[Result "1-0"]
[WhiteElo "2431"]
[BlackElo "2638"]
[Annotator "ChessBase"]
[PlyCount "117"]
[EventDate "2020.12.18"]
[EventType "tourn"]
[EventCountry "NET"]
[SourceTitle "playchess.com"]
[Source "ChessBase"]
[SourceQuality "1"]

1. d4 Nf6 2. Bf4 b5 3. e3 Bb7 4. Nf3 a6 5. Bd3 e6 6. h3 c5 7. c3 Nc6 8. O-O Be7 9. Nbd2 O-O 10. Bh2 d6 11. e4 e5 12. d5 Nb8 13. a4 c4 14. Bc2 Nbd7 15. g4 Nc5 16. Qe2 Nfd7 17. a5 Rc8 18. Kh1 Re8 19. Rg1 Nf8 20. g5 Rc7 21. h4 Bc8 22. h5 g6 23. Nf1 Kh8 24. Ne3 Rb7 25. Rg2 gxh5 26. Nf5 Ng6 27. N3h4 b4 28. Qxh5 bxc3 29. Nh6 Bf8 30. Nxf7+ Rxf7 31. Nxg6+ Kg8 32. Nxf8 Kxf8 33. bxc3 Ke7 34. Rf1 Ref8 35. f4 exf4 36. Qh4 Kd7 37. Rxf4 Qxa5 38. Rf6 Qxc3 39. Rxd6+ Ke8 40. g6 Rf1+ 41. Bg1 Qh3+ 42. Qxh3 Bxh3 43. Rg3 Bg4 44. Rxg4 hxg6 45. Rgxg6 Nd3 46. Rge6+ Kf7 47. Rd7+ Kg8 48. Kg2 Ne1+ 49. Kh1 Nxc2 50. Rg6+ Kh8 51. Rh6+ Kg8 52. Rg6+ Kh8 53. Rdd6 Nd4 54. Rh6+ Kg7 55. Rdg6+ Kf7 56. Kg2 Rxg1+ 57. Kxg1 Ke7 58. Rxa6 Ne2+ 59. Kg2 1-0

[Event "EOBCC 2020"]
[Site "Online"]
[Date "2020.12.18"]
[Round "8.45"]
[White "Fedorchuk, Sergey A."]
[Black "Razin, Vadim"]
[Result "0-1"]
[WhiteElo "2616"]
[BlackElo "2428"]
[Annotator "ChessBase"]
[PlyCount "114"]
[EventDate "2020.12.18"]
[EventType "tourn"]
[EventCountry "NET"]
[SourceTitle "playchess.com"]
[Source "ChessBase"]
[SourceQuality "1"]

1. e4 e6 2. d4 d5 3. Nd2 Nf6 4. e5 Nfd7 5. Ngf3 c5 6. c3 Nc6 7. Bd3 Qb6 8. O-O cxd4 9. cxd4 Nxd4 10. Nxd4 Qxd4 11. Nf3 Qb6 12. Qc2 h6 13. Bd2 Bb4 14. Rac1 Bxd2 15. Qxd2 Nc5 16. Bb1 Bd7 17. Rfd1 O-O 18. Nd4 Rfd8 19. f3 a5 20. Qc2 Rac8 21. Qh7+ Kf8 22. Qh8+ Ke7 23. Qxg7 Na4 24. Rxc8 Rxc8 25. Bg6 Nxb2 26. Qxf7+ Kd8 27. Qf8+ Kc7 28. Rc1+ Nc4 29. Qf4 Kb8 30. h4 Qb2 31. Rc2 Qb4 32. Kh2 h5 33. Bxh5 Rh8 34. Bg6 Ka7 35. h5 a4 36. g4 a3 37. Kg3 Qe1+ 38. Kh2 Ne3 39. Re2 Nf1+ 40. Kg2 Qa1 41. Kf2 Rc8 42. Re1 Qxa2+ 43. Kxf1 Rc4 44. Qe3 Qb2 45. Nb5+ Ka6 46. Nd6 Rc3 47. Bd3+ b5 48. Qd4 a2 49. Rd1 a1=Q 50. Rxa1+ Qxa1+ 51. Kg2 Rc2+ 52. Bxc2 Qxd4 53. Bg6 Qxe5 54. Nf7 Qe2+ 55. Kg3 Qe1+ 56. Kg2 Qh4 57. h6 Be8 0-1

[Event "EOBCC 2020"]
[Site "Online"]
[Date "2020.12.18"]
[Round "8.46"]
[White "Pantzar, Milton"]
[Black "Svane, Rasmus"]
[Result "0-1"]
[WhiteElo "2421"]
[BlackElo "2613"]
[Annotator "ChessBase"]
[PlyCount "58"]
[EventDate "2020.12.18"]
[EventType "tourn"]
[EventCountry "NET"]
[SourceTitle "playchess.com"]
[Source "ChessBase"]
[SourceQuality "1"]

1. d4 Nf6 2. c4 e6 3. Nc3 Bb4 4. f3 d5 5. a3 Be7 6. e4 dxe4 7. fxe4 c5 8. d5 exd5 9. exd5 O-O 10. Be2 Bd6 11. Nf3 Bg4 12. O-O Nbd7 13. h3 Bxf3 14. Rxf3 a6 15. Bg5 Be5 16. Qc2 Qc7 17. Bd3 h6 18. Bh4 Rae8 19. Raf1 Nh5 20. Ne4 g6 21. Qd2 Bd4+ 22. Kh1 Ne5 23. Qxh6 Nxf3 24. Rxf3 Bg7 25. Qd2 Qe5 26. Nxc5 Qd4 27. Nxb7 Qxh4 28. Nd6 Re1+ 29. Kh2 Be5+ 0-1

[Event "EOBCC 2020"]
[Site "Online"]
[Date "2020.12.18"]
[Round "8.47"]
[White "Stocek, Jiri"]
[Black "Socko, Monika"]
[Result "0-1"]
[WhiteElo "2604"]
[BlackElo "2421"]
[Annotator "ChessBase"]
[PlyCount "86"]
[EventDate "2020.12.18"]
[EventType "tourn"]
[EventCountry "NET"]
[SourceTitle "playchess.com"]
[Source "ChessBase"]
[SourceQuality "1"]

1. d4 Nf6 2. c4 e6 3. Nc3 Bb4 4. e3 O-O 5. Bd3 d5 6. Nf3 b6 7. O-O Ba6 8. Qb3 Be7 9. Rd1 c6 10. e4 dxe4 11. Nxe4 Nxe4 12. Bxe4 Bf6 13. Bf4 Qe7 14. Rac1 Bb7 15. Qe3 Nd7 16. h4 Rfe8 17. h5 Rad8 18. Re1 Nf8 19. Rcd1 c5 20. dxc5 Bxe4 21. Qxe4 Qxc5 22. b3 Qxh5 23. Qb7 Ng6 24. Bc7 Rxd1 25. Rxd1 Nh4 26. Rd7 Nxf3+ 27. Qxf3 Qxf3 28. gxf3 h5 29. Bf4 Re7 30. Rd8+ Kh7 31. b4 e5 32. Bd2 Rc7 33. Ra8 g5 34. a4 Kg6 35. Rg8+ Kf5 36. Ra8 Be7 37. c5 bxc5 38. b5 c4 39. Bc3 Bc5 40. a5 Bd4 41. b6 axb6 42. axb6 Bxb6 43. Re8 Bd4 0-1

[Event "EOBCC 2020"]
[Site "Online"]
[Date "2020.12.18"]
[Round "8.48"]
[White "Saraci, Nderim"]
[Black "Asadli, Vugar"]
[Result "0-1"]
[WhiteElo "2415"]
[BlackElo "2572"]
[Annotator "ChessBase"]
[PlyCount "40"]
[EventDate "2020.12.18"]
[EventType "tourn"]
[EventCountry "NET"]
[SourceTitle "playchess.com"]
[Source "ChessBase"]
[SourceQuality "1"]

1. Nf3 g6 2. g3 Bg7 3. d4 d6 4. Bg2 Nd7 5. O-O e5 6. e4 Ne7 7. dxe5 dxe5 8. Qe2 O-O 9. Rd1 c6 10. b3 Re8 11. a4 a5 12. Ba3 b6 13. Nbd2 Ba6 14. Nc4 b5 15. Nd6 b4 16. Qd2 Rf8 17. Bb2 Ra7 18. Bf1 Bxf1 19. Kxf1 f5 20. Nc4 Qc7 0-1

[Event "EOBCC 2020"]
[Site "Online"]
[Date "2020.12.18"]
[Round "8.49"]
[White "Agrest, Evgenij"]
[Black "Petriashvili, Nikoloz"]
[Result "0-1"]
[WhiteElo "2568"]
[BlackElo "2425"]
[Annotator "ChessBase"]
[PlyCount "136"]
[EventDate "2020.12.18"]
[EventType "tourn"]
[EventCountry "NET"]
[SourceTitle "playchess.com"]
[Source "ChessBase"]
[SourceQuality "1"]

1. Nf3 Nf6 2. c4 c5 3. Nc3 g6 4. d4 cxd4 5. Nxd4 Nc6 6. e4 Nxd4 7. Qxd4 d6 8. Bg5 Bg7 9. Bd3 O-O 10. Qe3 Be6 11. h3 Rc8 12. b3 Qa5 13. Rc1 Ng4 14. hxg4 Bxc3+ 15. Ke2 Bxg4+ 16. f3 Be6 17. Bxe7 Rfe8 18. Bxd6 Bg7 19. Rc2 Red8 20. c5 b6 21. Rhc1 bxc5 22. Bxc5 Rc7 23. Kf1 Rcd7 24. Be2 Bd4 25. Bxd4 Rxd4 26. Kg1 h5 27. Bf1 Kg7 28. Qc3 Qe5 29. Re2 h4 30. Qc5 Qg3 31. Qc7 Rd1 32. Qxg3 hxg3 33. Re1 R1d2 34. Ra1 Rc2 35. Rec1 Rb2 36. Rcb1 Rc2 37. a4 Rdd2 38. b4 Bc4 39. Rc1 Bxf1 40. Rxc2 Rxc2 41. Kxf1 Kf6 42. f4 Rf2+ 43. Kg1 Rxf4 44. b5 Rxe4 45. a5 Re5 46. b6 axb6 47. a6 Re8 48. a7 Ra8 49. Kf1 Ke5 50. Ke2 Kd5 51. Kf3 Kc6 52. Kxg3 b5 53. Kf4 Kb6 54. Ke5 Rxa7 55. Rf1 Rc7 56. Kd6 b4 57. Rf4 Rc6+ 58. Kd7 Kc5 59. Rxb4 Ra6 60. Rf4 f5 61. g4 fxg4 62. Rxg4 Kd5 63. Ke7 Ke5 64. Kf7 Kf5 65. Rg1 Ra7+ 66. Kg8 g5 67. Rf1+ Kg6 68. Rg1 Ra8# 0-1

[Event "EOBCC 2020"]
[Site "Online"]
[Date "2020.12.18"]
[Round "8.50"]
[White "Thybo, Jesper Sondergaard"]
[Black "Vedrickas, Tautvydas"]
[Result "1-0"]
[WhiteElo "2565"]
[BlackElo "2395"]
[Annotator "ChessBase"]
[PlyCount "87"]
[EventDate "2020.12.18"]
[EventType "tourn"]
[EventCountry "NET"]
[SourceTitle "playchess.com"]
[Source "ChessBase"]
[SourceQuality "1"]

1. Nf3 Nf6 2. c4 e6 3. Nc3 c5 4. g3 Nc6 5. Bg2 Be7 6. O-O O-O 7. d4 cxd4 8. Nxd4 a6 9. Bf4 Qb6 10. Nb3 d5 11. cxd5 exd5 12. Nxd5 Nxd5 13. Qxd5 Be6 14. Qf3 Bf6 15. Rab1 Rad8 16. Be3 Qb5 17. Rfc1 Bd5 18. Qf5 Ne7 19. Qg4 Bxg2 20. Kxg2 h5 21. Qf3 Nd5 22. Bd4 h4 23. Rc5 Qd7 24. Bxf6 h3+ 25. Kg1 Nxf6 26. Rcc1 Rfe8 27. e3 Ng4 28. Nd4 Ne5 29. Qh5 g6 30. Qh6 Qe7 31. Qxh3 Rxd4 32. exd4 Nf3+ 33. Kh1 Nxd4 34. Qg2 Ne6 35. Re1 Qf6 36. h4 Rd8 37. Kg1 b5 38. Rbd1 Rc8 39. Rd2 Nd4 40. Re3 Rc1+ 41. Kh2 Nf5 42. Red3 Nh6 43. Qf3 Ng4+ 44. Qxg4 1-0

[Event "EOBCC 2020"]
[Site "Online"]
[Date "2020.12.18"]
[Round "8.51"]
[White "Gazik, Viktor"]
[Black "Subelj, Jan"]
[Result "1-0"]
[WhiteElo "2542"]
[BlackElo "2403"]
[Annotator "ChessBase"]
[PlyCount "81"]
[EventDate "2020.12.18"]
[EventType "tourn"]
[EventCountry "NET"]
[SourceTitle "playchess.com"]
[Source "ChessBase"]
[SourceQuality "1"]

1. e4 e5 2. Nf3 Nc6 3. Bb5 Nf6 4. O-O Nxe4 5. Re1 Nd6 6. a4 Be7 7. Nc3 O-O 8. d4 exd4 9. Nd5 Bf6 10. Bf4 h6 11. Qd2 g5 12. Bg3 Bg7 13. Bd3 f5 14. Bxd6 cxd6 15. a5 g4 16. Bc4 Kh8 17. Nf4 gxf3 18. Ng6+ Kh7 19. Nxf8+ Qxf8 20. g3 b5 21. axb6 Bb7 22. bxa7 Rxa7 23. Rxa7 Nxa7 24. Qa5 Nc6 25. Qc7 Bc8 26. Bd5 f4 27. Bxf3 fxg3 28. Be4+ Kh8 29. hxg3 Ne5 30. Ra1 Ng4 31. f3 d3 32. fxg4 Bd4+ 33. Kh2 d2 34. Rd1 Qf2+ 35. Kh3 Be5 36. Qxc8+ Kg7 37. Qxd7+ Kh8 38. Qe8+ Kg7 39. Qg6+ Kf8 40. Qf5+ Qxf5 41. gxf5 1-0

[Event "EOBCC 2020"]
[Site "Online"]
[Date "2020.12.18"]
[Round "8.52"]
[White "Globus, Or"]
[Black "Jakubowski, Krzysztof"]
[Result "0-1"]
[WhiteElo "2399"]
[BlackElo "2497"]
[Annotator "ChessBase"]
[PlyCount "54"]
[EventDate "2020.12.18"]
[EventType "tourn"]
[EventCountry "NET"]
[SourceTitle "playchess.com"]
[Source "ChessBase"]
[SourceQuality "1"]

1. c4 e6 2. g3 d5 3. Bg2 dxc4 4. Qa4+ Nd7 5. Qxc4 c5 6. Nf3 a6 7. Qc2 Ngf6 8. Nc3 Bd6 9. O-O O-O 10. Rd1 Qe7 11. d4 Rb8 12. dxc5 Bxc5 13. Bf4 e5 14. Bg5 Qe6 15. e4 Ng4 16. Bh3 Bxf2+ 17. Kg2 Ba7 18. Nd5 h5 19. Ne7+ Kh8 20. Rd5 Ndf6 21. Rxe5 Ne3+ 22. Bxe3 Qxh3+ 23. Kf2 Ng4+ 24. Ke1 Nxe5 25. Nxe5 Bxe3 26. Qb3 Qe6 27. Qb4 Qxe5 0-1

[Event "EOBCC 2020"]
[Site "Online"]
[Date "2020.12.18"]
[Round "8.53"]
[White "Hayrapetyan, Hovik"]
[Black "Piesik, Piotr"]
[Result "0-1"]
[WhiteElo "2488"]
[BlackElo "2400"]
[Annotator "ChessBase"]
[PlyCount "78"]
[EventDate "2020.12.18"]
[EventType "tourn"]
[EventCountry "NET"]
[SourceTitle "playchess.com"]
[Source "ChessBase"]
[SourceQuality "1"]

1. d4 c5 2. d5 e5 3. Nc3 d6 4. e4 Be7 5. Bb5+ Nd7 6. Nf3 a6 7. Be2 b5 8. a4 b4 9. Nb1 Ngf6 10. Nbd2 a5 11. Bd3 O-O 12. Qe2 Nb6 13. b3 Ne8 14. Nc4 Nxc4 15. Bxc4 f5 16. Nxe5 Bf6 17. Nc6 Bc3+ 18. Bd2 Qf6 19. e5 Bxe5 20. Nxe5 dxe5 21. O-O Nd6 22. Rae1 e4 23. f3 Nxc4 24. bxc4 exf3 25. Rxf3 Bd7 26. Be3 Rac8 27. Qf2 Rfe8 28. Rf1 Re4 29. Rf4 Qe5 30. Rxe4 Qxe4 31. Bxc5 Qxc4 32. Bb6 Qxd5 33. h4 Bxa4 34. Qg3 Bxc2 35. h5 h6 36. Be3 Qe6 37. Re1 Be4 38. Bd4 Qd7 39. Be5 Rc2 0-1

[Event "EOBCC 2020"]
[Site "Online"]
[Date "2020.12.18"]
[Round "8.54"]
[White "Tsvetkov, Andrey"]
[Black "Kourkoulos-Arditis, Stamatis"]
[Result "1-0"]
[WhiteElo "2395"]
[BlackElo "2485"]
[Annotator "ChessBase"]
[PlyCount "115"]
[EventDate "2020.12.18"]
[EventType "tourn"]
[EventCountry "NET"]
[SourceTitle "playchess.com"]
[Source "ChessBase"]
[SourceQuality "1"]

1. d4 Nf6 2. c4 g6 3. Nc3 Bg7 4. e4 d6 5. Be2 O-O 6. Be3 Na6 7. Nf3 e5 8. O-O c6 9. d5 Ng4 10. Bg5 f6 11. Bh4 c5 12. Ne1 Nh6 13. f3 Nf7 14. Nd3 h5 15. a3 Bh6 16. Bf2 Bd7 17. b4 b6 18. bxc5 dxc5 19. Qb3 Nd6 20. a4 Qc7 21. Nb5 Bxb5 22. axb5 Nb8 23. Ra3 Nd7 24. Rfa1 Rf7 25. Qa2 Nf8 26. Ra6 Qd8 27. Qb3 Qe8 28. Nxc5 Nxb5 29. Qxb5 Qxb5 30. cxb5 bxc5 31. b6 Rb7 32. Rxa7 Rab8 33. Rxb7 Rxb7 34. Bxc5 Nd7 35. Bf2 Bf8 36. Ra7 Nc5 37. Rxb7 Nxb7 38. Ba6 Nc5 39. Bb5 Bd6 40. Be8 Kg7 41. Kf1 h4 42. Bxh4 Nd3 43. Bb5 Nc5 44. Bf2 Kf7 45. Bc6 Ke7 46. h4 Na6 47. g4 Nb8 48. Ke2 Bb4 49. Kd3 Kd6 50. h5 gxh5 51. gxh5 Nxc6 52. dxc6 Kxc6 53. h6 Bf8 54. h7 Bg7 55. Ke2 Bh8 56. Kf1 Kd7 57. Kg2 Bg7 58. Kh3 1-0

[Event "EOBCC 2020"]
[Site "Online"]
[Date "2020.12.18"]
[Round "8.55"]
[White "Iskusnyh, Sergei"]
[Black "Eren, Ataberk"]
[Result "1-0"]
[WhiteElo "2473"]
[BlackElo "2321"]
[Annotator "ChessBase"]
[PlyCount "99"]
[EventDate "2020.12.18"]
[EventType "tourn"]
[EventCountry "NET"]
[SourceTitle "playchess.com"]
[Source "ChessBase"]
[SourceQuality "1"]

1. d4 Nf6 2. c4 e6 3. g3 c5 4. Nf3 cxd4 5. Nxd4 d5 6. Bg2 e5 7. Nf3 d4 8. O-O Nc6 9. e3 d3 10. Nc3 Bb4 11. Nd5 Nxd5 12. cxd5 Qxd5 13. Nd4 Qd6 14. Nxc6 bxc6 15. a3 Ba5 16. Qa4 d2 17. Qxc6+ Qxc6 18. Bxc6+ Ke7 19. Bxa8 Bg4 20. Bxd2 Bxd2 21. Bg2 Be2 22. Rfb1 Rc8 23. Bf1 Bf3 24. b4 Rd8 25. Bg2 Be2 26. Ra2 Bc4 27. Rc2 Bd3 28. Rc7+ Kf8 29. Rd1 Be2 30. Ra1 a5 31. b5 Rb8 32. a4 Bb4 33. Rac1 Bg4 34. h3 Be6 35. g4 g5 36. R1c6 Rd8 37. Rxe6 fxe6 38. Be4 Rd1+ 39. Kg2 Be1 40. b6 Rd2 41. Rc2 Rxc2 42. Bxc2 Bb4 43. b7 Bd6 44. Bxh7 Bb8 45. Kf3 Ke7 46. Ke4 Kd6 47. Kd3 Kc5 48. Be4 Kb4 49. h4 gxh4 50. g5 1-0

[Event "EOBCC 2020"]
[Site "Online"]
[Date "2020.12.18"]
[Round "8.56"]
[White "Bashirli, Nail"]
[Black "Matinian, Nikita"]
[Result "1-0"]
[WhiteElo "2382"]
[BlackElo "2470"]
[Annotator "ChessBase"]
[PlyCount "69"]
[EventDate "2020.12.18"]
[EventType "tourn"]
[EventCountry "NET"]
[SourceTitle "playchess.com"]
[Source "ChessBase"]
[SourceQuality "1"]

1. e4 c5 2. Nf3 d6 3. Nc3 g6 4. e5 Bg7 5. exd6 exd6 6. d4 cxd4 7. Nxd4 Ne7 8. Be2 Nbc6 9. Be3 O-O 10. O-O d5 11. Re1 Bd7 12. Bf3 Ne5 13. Bg5 Nxf3+ 14. Qxf3 f6 15. Bf4 Rf7 16. Rad1 Rc8 17. h3 a6 18. Nxd5 Nxd5 19. Qxd5 g5 20. Bd6 Bc6 21. Nxc6 Rxc6 22. Ba3 Qxd5 23. Rxd5 h6 24. c3 f5 25. Re7 Rxe7 26. Bxe7 b5 27. Rxf5 Re6 28. Ba3 Re1+ 29. Kh2 Re2 30. g3 Kh7 31. Kg2 Kg6 32. Rd5 Be5 33. Kf1 Re4 34. f3 Re3 35. Kf2 1-0

[Event "EOBCC 2020"]
[Site "Online"]
[Date "2020.12.18"]
[Round "8.57"]
[White "Schitco, Ivan"]
[Black "Przybylski, Wojciech"]
[Result "1/2-1/2"]
[WhiteElo "2467"]
[BlackElo "2321"]
[Annotator "ChessBase"]
[PlyCount "100"]
[EventDate "2020.12.18"]
[EventType "tourn"]
[EventCountry "NET"]
[SourceTitle "playchess.com"]
[Source "ChessBase"]
[SourceQuality "1"]

1. d4 d5 2. c4 c6 3. cxd5 cxd5 4. Bf4 Nc6 5. e3 a6 6. Nc3 Nf6 7. Bd3 e6 8. Nf3 Be7 9. h3 Bd7 10. O-O b5 11. Rc1 Rc8 12. Ne5 Na5 13. Qe2 O-O 14. Nxd7 Qxd7 15. a4 b4 16. Nb1 Qxa4 17. Bxa6 Rxc1 18. Rxc1 Nb3 19. Rd1 Ne4 20. f3 Nd6 21. Kh2 f5 22. Nd2 Na5 23. Rc1 Ndc4 24. Nxc4 Nb3 25. Nb6 Nxc1 26. Nxa4 Nxe2 27. Bxe2 Rc8 28. Bb5 Rc1 29. Kg3 g5 30. Be5 h5 31. Kf2 Rc2+ 32. Kf1 b3 33. Bd3 Ba3 34. bxa3 Rd2 35. Ke1 Rxd3 36. Ke2 b2 37. Nxb2 Rxa3 38. Nd3 Ra2+ 39. Kf1 Kf7 40. h4 gxh4 41. Nf4 Ra3 42. Kf2 Ra2+ 43. Kg1 Ra3 44. Kf2 Ra2+ 45. Ke1 Ra3 46. Kd2 Ra2+ 47. Kd3 Ra3+ 48. Ke2 Ra2+ 49. Kf1 Ra1+ 50. Kf2 Ra2+ 1/2-1/2

[Event "EOBCC 2020"]
[Site "Online"]
[Date "2020.12.18"]
[Round "8.58"]
[White "Stefanova, Antoaneta"]
[Black "Walter, Szymon"]
[Result "1-0"]
[WhiteElo "2466"]
[BlackElo "2281"]
[Annotator "ChessBase"]
[PlyCount "59"]
[EventDate "2020.12.18"]
[EventType "tourn"]
[EventCountry "NET"]
[SourceTitle "playchess.com"]
[Source "ChessBase"]
[SourceQuality "1"]

1. d4 Nf6 2. Nf3 g6 3. g3 Bg7 4. Bg2 O-O 5. O-O b5 6. a4 b4 7. Ne5 d5 8. c4 c6 9. a5 dxc4 10. Nxc4 Be6 11. b3 Bd5 12. f3 Ne4 13. fxe4 Bxc4 14. Bb2 Bb5 15. e5 Nd7 16. Nd2 c5 17. Bxa8 Qxa8 18. Nf3 Qe4 19. Rf2 Bh6 20. Bc1 Bg7 21. Bf4 c4 22. bxc4 Bxc4 23. Nd2 Qxd4 24. Nxc4 Qxc4 25. Qxd7 b3 26. Qd3 Qb4 27. Rb1 Qxa5 28. Qxb3 g5 29. Bxg5 Bxe5 30. Bxe7 1-0

[Event "EOBCC 2020"]
[Site "Online"]
[Date "2020.12.18"]
[Round "8.59"]
[White "Mischuk, Dmitry"]
[Black "Murzin, Volodar"]
[Result "1-0"]
[WhiteElo "2364"]
[BlackElo "2470"]
[Annotator "ChessBase"]
[PlyCount "105"]
[EventDate "2020.12.18"]
[EventType "tourn"]
[EventCountry "NET"]
[SourceTitle "playchess.com"]
[Source "ChessBase"]
[SourceQuality "1"]

1. e4 c5 2. Nf3 d6 3. d4 cxd4 4. Nxd4 Nf6 5. Nc3 a6 6. h4 e5 7. Nb3 h6 8. Be2 Be6 9. Be3 Be7 10. Qd2 Nbd7 11. O-O-O Rc8 12. f3 b5 13. g4 Nb6 14. g5 Nh5 15. Kb1 g6 16. gxh6 Ng3 17. Rhg1 Nxe2 18. Qxe2 Rxc3 19. Bxb6 Qxb6 20. bxc3 Rxh6 21. h5 Rxh5 22. Rh1 Kd8 23. f4 Rxh1 24. Rxh1 Qc6 25. fxe5 dxe5 26. Rd1+ Ke8 27. Qe3 Kf8 28. Qh6+ Kg8 29. Qe3 Bf8 30. Rd8 Kg7 31. Rd1 a5 32. Nxa5 Qc7 33. Nb3 Be7 34. Rh1 Kg8 35. Qf3 Qc6 36. Qe3 Bf8 37. Qd3 Be7 38. Rg1 Bc4 39. Qf3 Be6 40. Qg3 Qxe4 41. Re1 Qc4 42. Qxe5 Bf8 43. Kb2 Bg7 44. Qb8+ Bf8 45. Rd1 Kg7 46. Rd8 Be7 47. Rg8+ Kh7 48. Rh8+ Kg7 49. Rh2 Kf6 50. Qh8+ Kf5 51. Nd4+ Ke4 52. Re2+ Kd5 53. Qe5# 1-0